15 tennisti con più slam vinti in tutta la storia - Statistics

Statistiche generali
  • Questo quiz è stato fatto 276 volte
  • Il punteggio medio è 6 su 15
Statistiche sulle risposte
N° slam vinti Tennista % Corretto
22 Rafael Nadal
98%
20 Roger Federer
97%
22 Novak Đoković
88%
11 Björn Borg
68%
8 Andre Agassi
66%
14 Pete Sampras
62%
8 Ivan Lendl
33%
11 Rod Laver
32%
8 Jimmy Connors
30%
8 Fred Perry
8%
12 Roy Emerson
7%
8 Ken Rosewall
6%
10 Bill Tilden
5%
8 Henri Cochet
2%
8 Max Décugis
1%
Nessun quiz corrispondente trovato
Distribuzione punteggi
Percentuale di utenti per punteggio
Percentile per numero di risposta
I tuoi punteggi nel tempo
Non hai fatto questo quiz